Banker to the world : (Record no. 58460)

MARC details
000 -LEADER
fixed length control field 01267nam a22003257a 4500
005 - DATE AND TIME OF LATEST TRANSACTION
control field 20111117110546.0
008 - FIXED-LENGTH DATA ELEMENTS--GENERAL INFORMATION
fixed length control field 111117t xxu||||| |||| 00| 0 eng d
010 ## - LCCN (DPL NO)
LC control number ENG-104129
020 ## - INTERNATIONAL STANDARD BOOK NUMBER
International Standard Book Number 9781259002984
Terms of availability 495.00
020 ## - INTERNATIONAL STANDARD BOOK NUMBER
International Standard Book Number 12359002985
Terms of availability 495.00
035 ## - SYSTEM CONTROL NUMBER
System control number EN-87662
037 ## - SOURCE OF ACQUISITION
Source of stock number/acquisition DBAD/PUB
040 ## - CATALOGING SOURCE
Original cataloging agency DPL
Language of cataloging Eng
082 00 - DEWEY DECIMAL CLASSIFICATION NUMBER
Classification number 332.1092
Edition number 22
100 1# - MAIN ENTRY--PERSONAL NAME
Personal name Rhodes, William R.
9 (RLIN) 35881
245 10 - TITLE STATEMENT
Title Banker to the world :
Remainder of title leadership lessons from the front lines of global finance /
Statement of responsibility, etc by William Rhodes
260 ## - PUBLICATION, DISTRIBUTION, ETC. (IMPRINT)
Place of publication, distribution, etc New Delhi
Name of publisher, distributor, etc Tata McGraw-Hill
Date of publication, distribution, etc c2011
270 ## - ADDRESS
Address 7 West Patel Nagar
City New Delhi
Postal code 110008
300 ## - PHYSICAL DESCRIPTION
Extent xxxiii, 249 p.
Dimensions 24cm (pbk)
500 ## - GENERAL NOTE
General note Includes bibliographical references (p. 231-232) and index.
600 10 - SUBJECT ADDED ENTRY--PERSONAL NAME
Personal name Rhodes, William R.
9 (RLIN) 35882
650 #0 - SUBJECT ADDED ENTRY--TOPICAL TERM
Topical term or geographic name as entry element Bankers
Geographic subdivision United States
Form subdivision Biography.
9 (RLIN) 35883
650 #0 - SUBJECT ADDED ENTRY--TOPICAL TERM
Topical term or geographic name as entry element Banks and banking, International.
9 (RLIN) 35884
650 #0 - SUBJECT ADDED ENTRY--TOPICAL TERM
Topical term or geographic name as entry element International finance.
9 (RLIN) 35885
650 #0 - SUBJECT ADDED ENTRY--TOPICAL TERM
Topical term or geographic name as entry element Leadership.
9 (RLIN) 35886
650 #0 - SUBJECT ADDED ENTRY--TOPICAL TERM
Topical term or geographic name as entry element Decision making.
9 (RLIN) 35887
942 ## - ADDED ENTRY ELEMENTS (KOHA)
Source of classification or shelving scheme Dewey Decimal Classification
Item type English Books
Classification part 332.1092
Call number suffix RHO
Holdings
Withdrawn status Lost status Source of classification or shelving scheme Damaged status Not for loan Collection code Home library Current library Date acquired Source of acquisition Cost, normal purchase price Total Checkouts Full call number Barcode Date last seen Copy number Cost, replacement price Koha item type
    Dewey Decimal Classification   Not For Loan Non-fiction D.B.Act.Division D.B.Act.Division 17/11/2011 DBAD/PUB 495.00   332.1092 RHO EN-87662 17/11/2011 1 495.00 English Books

© Delhi Public Library
Hit Counter
free hit counter